| 000 | 00568 a2200145 4500 | ||
|---|---|---|---|
| 082 | _aBICSE-2 | ||
| 100 |
_a Shahzad Amir _992331 |
||
| 245 |
_a Multimedia Transmission Over MIMO System [Project BICSE2] _c Shahzad Amir |
||
| 260 |
_a Isalamabad, _bNUST School of Electrical Engineering & Computer Science, _c2008. |
||
| 300 |
_a48 p. _b: ill. _c; 27 cm. + _e CD-ROM |
||
| 500 | _aSupervisors : Mr. Hassan Aqeel, Dr. Ali Khayam. | ||
| 700 |
_aBilal Zafar & Asad Zadi. _992332 |
||
| 856 | _uhttp://10.250.8.41:8080/xmlui/handle/123456789/28842 | ||
| 942 |
_cPR _kBICSE-2 SHA _2ddc |
||
| 999 |
_c9348 _d9348 |
||